[Event "ICS Rated standard match"]
[Site "204.178.125.65"]
[Date "2000.08.29"]
[Round "?"]
[White "Hossa"]
[Black "jongalt97"]
[Result "1-0"]
[WhiteElo "2320"]
[BlackElo "1911"]
[PlyCount "77"]
[EventDate "2000.??.??"]

1. e4 e6 2. d4 d5 3. Nc3 dxe4 4. Nxe4 Nf6 5. Nxf6+ Qxf6 6. Nf3 Nc6 7. Bb5 Bd7
8. O-O O-O-O 9. Bg5 Qf5 10. Bd3 Qg4 11. h3 Qh5 12. Bxd8 Kxd8 13. Ne5 Qxd1 14.
Rfxd1 Be8 15. Be4 Bd6 16. Bxc6 bxc6 17. Nd3 Kc8 18. c4 f6 19. c5 Be7 20. Re1
Bf7 21. Nf4 Kd7 22. Rad1 Re8 23. h4 g6 24. g4 Bf8 25. Nd3 Bg7 26. Kg2 Bh8 27.
g5 e5 28. dxe5 Bd5+ 29. f3 fxe5 30. Nb4 Ke6 31. Na6 Re7 32. b3 Kf5 33. Nb4 Rd7
34. Kf2 a5 35. Nc2 Bg7 36. Ne3+ Kf4 37. Rg1 Be6 38. Rg4+ Bxg4 39. Ng2+ {
jongalt97 resigns} 1-0

[Event "ICS rated blitz match"]
[Site "204.178.125.65"]
[Date "2000.08.29"]
[Round "?"]
[White "Colorado"]
[Black "Hossa"]
[Result "1-0"]
[WhiteElo "2585"]
[BlackElo "2491"]
[PlyCount "103"]
[EventDate "2000.??.??"]

1. e4 e5 2. Nf3 Nc6 3. Bb5 a6 4. Ba4 Nf6 5. O-O Be7 6. Re1 b5 7. Bb3 d6 8. c3
O-O 9. h3 Bb7 10. d4 Re8 11. Ng5 Rf8 12. Nf3 Re8 13. dxe5 Nxe5 14. Nxe5 dxe5
15. Qf3 c5 16. Nd2 c4 17. Bc2 Qc7 18. Nf1 Rad8 19. Ng3 a5 20. Nf5 Bc5 21. Nxg7
Rf8 22. Bh6 Qb6 23. Qg3 Ng4 24. Qxg4 Bxf2+ 25. Kf1 Qxh6 26. Nf5+ Qg6 27. Ne7+
Kg7 28. Nxg6 fxg6 29. Red1 Bc8 30. Rxd8 Bxg4 31. Rxf8 Kxf8 32. hxg4 Bg3 33. Rd1
b4 34. Rd5 Kg7 35. Rxa5 bxc3 36. bxc3 Kf6 37. Ke2 h6 38. a4 Kg5 39. Kf3 Be1 40.
Rd5 Bxc3 41. a5 Bd4 42. Rxd4 exd4 43. Bd1 c3 44. Bc2 Kf6 45. a6 Ke5 46. a7 Kd6
47. a8=Q Ke7 48. Qa7+ Kf8 49. Bb3 Ke8 50. Qf7+ Kd8 51. Be6 h5 52. Qd7# {
Hossa checkmated} 1-0

[Event "ICS rated blitz match"]
[Site "204.178.125.65"]
[Date "2000.08.29"]
[Round "?"]
[White "Amateur"]
[Black "Hossa"]
[Result "1-0"]
[WhiteElo "2574"]
[BlackElo "2479"]
[PlyCount "97"]
[EventDate "2000.??.??"]

1. Nf3 Nf6 2. c4 c6 3. d4 d5 4. cxd5 cxd5 5. e3 Bf5 6. Qb3 Qc7 7. Nc3 e6 8. Nh4
Bg4 9. h3 Bh5 10. Bd2 Be7 11. g4 Bg6 12. Nxg6 hxg6 13. Rc1 Nc6 14. Bg2 O-O 15.
O-O a6 16. Na4 Nd7 17. Rc3 Bd6 18. Rfc1 g5 19. e4 Qb8 20. Be3 Bh2+ 21. Kh1 Na5
22. Qc2 dxe4 23. Qxe4 Nf6 24. Qd3 Nd7 25. Nc5 Nxc5 26. Rxc5 Nc6 27. Bxg5 Bf4
28. Bxf4 Qxf4 29. Qe3 Qb8 30. Bxc6 bxc6 31. b3 Qb7 32. Rxc6 Rfd8 33. Qf4 Rac8
34. d5 Rb8 35. Kg1 Rf8 36. dxe6 fxe6 37. Qc4 Rbe8 38. Qxa6 Qf7 39. Qe2 Qe7 40.
a4 Rb8 41. Qe3 e5 42. Rc7 Qe6 43. R1c6 Qxb3 44. Rxg7+ Kxg7 45. Qg5+ Kf7 46.
Qg6+ Ke7 47. Rc7+ Kd8 48. Qd6+ Ke8 49. Re7# {Hossa checkmated} 1-0

[Event "ICS rated blitz match"]
[Site "204.178.125.65"]
[Date "2000.08.29"]
[Round "?"]
[White "Hossa"]
[Black "PostModernist"]
[Result "0-1"]
[WhiteElo "2467"]
[BlackElo "2636"]
[PlyCount "118"]
[EventDate "2000.??.??"]

1. Nf3 Nf6 2. c4 g6 3. d4 Bg7 4. Nc3 O-O 5. e4 c6 6. e5 Ne8 7. c5 d6 8. cxd6
exd6 9. Bf4 Bg4 10. Be2 dxe5 11. Nxe5 Bxe2 12. Nxe2 Qa5+ 13. Qd2 Qxd2+ 14. Bxd2
Nc7 15. O-O Re8 16. Rfe1 Bxe5 17. dxe5 Rxe5 18. Bf4 Re7 19. Ng3 Rxe1+ 20. Rxe1
Ne6 21. Bh6 Na6 22. Ne4 Nb4 23. Nf6+ Kh8 24. Rd1 Nxa2 25. f3 Nc5 26. Rd4 a5 27.
h4 Nb4 28. Rd2 a4 29. h5 Ncd3 30. hxg6 fxg6 31. Re2 Nd5 32. Nxd5 cxd5 33. Re7
b5 34. g3 b4 35. Be3 Kg8 36. Bd4 Rc8 37. Rg7+ Kf8 38. Rxh7 Rc1+ 39. Kg2 Rc4 40.
Be3 Nxb2 41. Rd7 a3 42. Rxd5 a2 43. Ra5 b3 44. Ra8+ Ke7 45. Bg5+ Kd7 46. Bf6
Ra4 47. Rd8+ Kc7 48. Bxb2 Kxd8 49. f4 a1=Q 50. Bxa1 Rxa1 51. Kf3 b2 52. Ke4
b1=Q+ 53. Kd5 Ra5+ 54. Kd4 Qb2+ 55. Ke4 Qc2+ 56. Ke3 Qb3+ 57. Ke4 Ra4+ 58. Ke5
Ke7 59. g4 Qb5# {Hossa checkmated} 0-1

[Event "ICS Rated standard match"]
[Site "204.178.125.65"]
[Date "2000.08.29"]
[Round "?"]
[White "Greeneyes"]
[Black "Hossa"]
[Result "1/2-1/2"]
[WhiteElo "2023"]
[BlackElo "2323"]
[PlyCount "157"]
[EventDate "2000.??.??"]

1. e4 e5 2. Nf3 Nc6 3. Bb5 Nf6 4. O-O Nxe4 5. d4 Be7 6. d5 Nd6 7. Ba4 e4 8.
dxc6 exf3 9. cxd7+ Bxd7 10. Bxd7+ Qxd7 11. Qxf3 O-O 12. Nc3 Bf6 13. Bf4 Rfe8
14. Rad1 Rab8 15. b3 Be5 16. Nd5 Qf5 17. Bxe5 Qxf3 18. gxf3 Rxe5 19. Nxc7 Nf5
20. c4 Nh4 21. Rd3 Re2 22. a4 Rd2 23. Re3 Nf5 24. Rc3 Rc8 25. Re1 h5 26. Nb5 a6
27. Na3 Nd4 28. b4 Ne2+ 29. Rxe2 Rxe2 30. Nc2 Rd8 31. Ne3 Rdd2 32. c5 Rxf2 33.
b5 Rxf3 34. c6 bxc6 35. bxc6 Rd8 36. Kg2 Rf6 37. c7 Rc8 38. Nd5 Rg6+ 39. Kf3
Re6 40. a5 Ree8 41. Nb6 f6 42. Nxc8 Rxc8 43. Kf4 Kf7 44. Rc6 Ke7 45. Kf5 Kf7
46. h4 g6+ 47. Ke4 Ke7 48. Kd5 g5 49. hxg5 fxg5 50. Kc5 h4 51. Kb6 h3 52. Rh6
g4 53. Rh4 Kd7 54. Rxg4 h2 55. Rh4 Rxc7 56. Rxh2 Rc6+ 57. Kb7 Rc7+ 58. Kb6 Rc6+
59. Kb7 Rc7+ 60. Kxa6 Rc1 61. Rb2 Kc8 62. Ka7 Rc7+ 63. Ka8 Rc6 64. Rb6 Kc7 65.
Rb7+ Kc8 66. Ka7 Rd6 67. a6 Re6 68. Rh7 Rc6 69. Rh8+ Kc7 70. Rh7+ Kc8 71. Rh8+
Kc7 72. Rh1 Rc5 73. Rb1 Kc6 74. Rb8 Rg5 75. Rc8+ Kb5 76. Rb8+ Kc6 77. Rc8+ Kb5
78. Rb8+ Kc6 79. Rc8+ 1/2-1/2

[Event "ICS rated standard match"]
[Site "204.178.125.65"]
[Date "2000.08.29"]
[Round "?"]
[White "Hossa"]
[Black "nitmo"]
[Result "1-0"]
[WhiteElo "2312"]
[BlackElo "1942"]
[PlyCount "78"]
[EventDate "2000.??.??"]

1. e4 e5 2. Nf3 Nc6 3. Nc3 Nf6 4. Nxe5 Nxe5 5. d4 Nc6 6. d5 Nb8 7. e5 Ng8 8. d6
Nc6 9. Nb5 cxd6 10. exd6 Qf6 11. Nc7+ Kd8 12. Nxa8 Bxd6 13. c3 Nge7 14. Qh5 b6
15. Be3 Qe6 16. Be2 Bb7 17. Nxb6 axb6 18. Bxb6+ Bc7 19. Bxc7+ Kxc7 20. O-O g6
21. Qf3 Ra8 22. b3 Ra5 23. Qf4+ Kc8 24. Bc4 Qf5 25. Qh6 Kc7 26. b4 Re5 27. Rfe1
Rxe1+ 28. Rxe1 Ne5 29. Qh4 g5 30. Qg3 d6 31. Bd3 Nxd3 32. Rxe7+ Kc6 33. c4 Nxb4
34. Qb3 Qf6 35. Qa4+ Kc5 36. Qb5+ Kd4 37. Rxb7 Qf4 38. g3 Qc1+ 39. Kg2 Qxc4 {
nitmo resigns} 1-0

[Event "ICS rated standard match"]
[Site "204.178.125.65"]
[Date "2000.08.29"]
[Round "?"]
[White "jjgm"]
[Black "Hossa"]
[Result "0-1"]
[WhiteElo "1973"]
[BlackElo "2315"]
[PlyCount "52"]
[EventDate "2000.??.??"]

1. e4 e5 2. Nf3 Nc6 3. Bb5 a6 4. Ba4 Nf6 5. Bxc6 dxc6 6. d3 Bd6 7. Nbd2 Be6 8.
O-O O-O 9. Nc4 Bxc4 10. dxc4 Nxe4 11. Re1 f5 12. Nd2 Nxd2 13. Bxd2 Qh4 14. Bc3
e4 15. g3 Qh3 16. Qe2 Rad8 17. Qf1 Qh5 18. Qe2 Qf7 19. Rad1 Rd7 20. b3 Rfd8 21.
Rd2 Re8 22. Rdd1 b6 23. Qf1 f4 24. Qg2 Qf5 25. Kf1 f3 26. Qg1 Qh3+ {
jjgm resigns} 0-1

[Event "ICS rated standard match"]
[Site "204.178.125.65"]
[Date "2000.08.29"]
[Round "?"]
[White "Hossa"]
[Black "jjgm"]
[Result "1-0"]
[WhiteElo "2319"]
[BlackElo "1969"]
[PlyCount "48"]
[EventDate "2000.??.??"]

1. e4 e5 2. Nf3 Nc6 3. Bc4 Nf6 4. d4 exd4 5. O-O d6 6. Nxd4 Nxd4 7. Qxd4 Be6 8.
Bf4 Be7 9. Bxe6 fxe6 10. Qb4 e5 11. Bg5 Qc8 12. f4 exf4 13. Nc3 O-O 14. e5 Qe6
15. exf6 Bxf6 16. Bxf6 Qxf6 17. Nd5 Qe5 18. Nxc7 Rac8 19. Rae1 Qc5+ 20. Qxc5
dxc5 21. Ne6 Rf6 22. Rxf4 Rxf4 23. Nxf4 Rf8 24. Ne6 Rf7 {jjgm resigns} 1-0

[Event "ICS rated standard match"]
[Site "204.178.125.65"]
[Date "2000.08.29"]
[Round "?"]
[White "Dorky"]
[Black "Hossa"]
[Result "1/2-1/2"]
[WhiteElo "2345"]
[BlackElo "2323"]
[PlyCount "74"]
[EventDate "2000.??.??"]

1. Nf3 d5 2. d4 c6 3. c4 dxc4 4. e3 b5 5. Be2 Bf5 6. Nc3 b4 7. Na4 Qd5 8. Nh4
Bh3 9. Bxc4 Qxc4 10. gxh3 Qd5 11. O-O e6 12. a3 Nd7 13. axb4 Bxb4 14. Qf3 Ngf6
15. Rd1 Ne4 16. Qg2 O-O 17. f3 Qb3 18. Qe2 Nd6 19. Bd2 Bxd2 20. Rxd2 Rfc8 21.
f4 Ne4 22. Rc2 c5 23. Nxc5 Ndxc5 24. Rac1 Rc6 25. Nf3 Rac8 26. Ne5 R6c7 27.
dxc5 Nxc5 28. Qd2 h6 29. Qd4 f6 30. Rxc5 fxe5 31. Qxe5 Rxc5 32. Rxc5 Qd1+ 33.
Kg2 Qe2+ 34. Kg3 Qe1+ 35. Kg2 Qe2+ 36. Kg3 Qe1+ 37. Kg2 Qe2+ 1/2-1/2

[Event "ICS rated blitz match"]
[Site "204.178.125.65"]
[Date "2000.08.29"]
[Round "?"]
[White "Hossa"]
[Black "PostModernist"]
[Result "1/2-1/2"]
[WhiteElo "2458"]
[BlackElo "2658"]
[PlyCount "107"]
[EventDate "2000.??.??"]

1. e4 g6 2. d4 Bg7 3. Nf3 d6 4. Nc3 Nf6 5. Be2 O-O 6. O-O Bg4 7. Bg5 h6 8. Bf4
Nbd7 9. Qd2 g5 10. Be3 e5 11. dxe5 Nxe5 12. Nxe5 dxe5 13. Bd3 Be6 14. Bc5 Re8
15. Rfd1 b6 16. Ba3 c5 17. Qe2 Qe7 18. Bb5 Red8 19. Bc6 Rac8 20. Nd5 Qf8 21.
Nxf6+ Bxf6 22. Bd5 Qe7 23. Qh5 Bg7 24. Rd2 Qf6 25. Rad1 Bxd5 26. Rxd5 Rxd5 27.
exd5 Rd8 28. c4 Qf5 29. Qe2 e4 30. b4 cxb4 31. Bxb4 g4 32. a4 a5 33. Bd2 Rd6
34. Be3 Be5 35. Rb1 Qg6 36. Qc2 Rf6 37. Rb5 Qh5 38. g3 Qg6 39. Qb1 Bc7 40. Bd4
Rd6 41. Be5 Rd7 42. Bxc7 Rxc7 43. Rxb6 Qf5 44. Qb5 Qf3 45. Rg6+ Kh7 46. Rxh6+
Kxh6 47. Qb6+ Kg5 48. Qxc7 Qd1+ 49. Kg2 Qf3+ 50. Kf1 Qd1+ 51. Kg2 Qf3+ 52. Kf1
Qd1+ 53. Kg2 Qf3+ 54. Kf1 1/2-1/2

[Event "ICS rated standard match"]
[Site "204.178.125.65"]
[Date "2000.08.29"]
[Round "?"]
[White "nitmo"]
[Black "Hossa"]
[Result "0-1"]
[WhiteElo "1939"]
[BlackElo "2324"]
[PlyCount "26"]
[EventDate "2000.??.??"]

1. e4 e5 2. Nf3 Nc6 3. Bc4 Nf6 4. Ng5 d5 5. exd5 Nd4 6. c3 b5 7. Bf1 Nxd5 8.
cxd4 Qxg5 9. Bxb5+ Kd8 10. Qf3 Bb7 11. O-O Rb8 12. Qxf7 Nf6 13. d3 Qxg2# {
nitmo checkmated} 0-1

[Event "ICS rated blitz match"]
[Site "204.178.125.65"]
[Date "2000.08.29"]
[Round "?"]
[White "PostModernist"]
[Black "Hossa"]
[Result "0-1"]
[WhiteElo "2657"]
[BlackElo "2466"]
[PlyCount "110"]
[EventDate "2000.??.??"]

1. e4 c6 2. d4 g6 3. h3 d5 4. Nc3 dxe4 5. Nxe4 Nd7 6. Bd3 Ngf6 7. Nc3 Bg7 8.
Nf3 Nb6 9. Qe2 O-O 10. Bd2 Be6 11. O-O-O Nbd5 12. Rhe1 Nb4 13. Bc4 Bxc4 14.
Qxc4 a5 15. g4 b5 16. Qb3 Qd6 17. g5 a4 18. Qa3 Nd3+ 19. cxd3 b4 20. Ne4 Nxe4
21. Bxb4 Qf4+ 22. Bd2 Nxd2 23. Nxd2 e6 24. Rg1 Qxf2 25. Rg4 Qe3 26. h4 Rfd8 27.
Re4 Qg3 28. Rf1 Ra7 29. Qc5 Rad7 30. Rf3 Qh2 31. Nf1 Qh1 32. Rff4 Bxd4 33. Rxd4
Rxd4 34. Rxd4 Qxf1+ 35. Kd2 Qf2+ 36. Kc3 Qe1+ 37. Kc2 Qe2+ 38. Kc3 Rb8 39. Qa3
Qe5 40. Kc4 c5 41. Qxc5 Qe1 42. Rd7 Qxh4+ 43. d4 Qe4 44. Kc3 Qe3+ 45. Kc2 Qe2+
46. Kc3 Qxb2+ 47. Kd3 Qxa2 48. Ke4 Qe2+ 49. Kf4 Qh2+ 50. Kg4 Qh5+ 51. Kf4 Qh4+
52. Ke5 Rb5 53. Kd6 Rxc5 54. dxc5 Qxg5 55. c6 h6 0-1

[Event "ICS rated blitz match"]
[Site "204.178.125.65"]
[Date "2000.08.29"]
[Round "?"]
[White "MissSilicon"]
[Black "Hossa"]
[Result "1/2-1/2"]
[WhiteElo "2734"]
[BlackElo "2490"]
[PlyCount "151"]
[EventDate "2000.??.??"]

1. e4 e5 2. Nf3 Nc6 3. Bc4 Bc5 4. c3 Nf6 5. d4 exd4 6. cxd4 Bb4+ 7. Bd2 Bxd2+
8. Nbxd2 d5 9. exd5 Nxd5 10. Qb3 Na5 11. Qa4+ Nc6 12. Bb5 Bd7 13. O-O O-O 14.
Qc4 Nb6 15. Qc3 Re8 16. Rfe1 Qf6 17. Ne4 Qf5 18. Nc5 Rxe1+ 19. Rxe1 Be8 20. a4
Nd5 21. Qc1 Nce7 22. Bxe8 Rxe8 23. Nxb7 Nf4 24. Qc6 Kf8 25. Qe4 Qxe4 26. Rxe4
Rb8 27. Rxf4 Rxb7 28. Ng5 Ke8 29. Nxh7 Rxb2 30. h4 Rb4 31. Ng5 Rxa4 32. g3 Ra1+
33. Kg2 Ra5 34. Nxf7 Rf5 35. Ng5 Rxf4 36. gxf4 Nf5 37. Kf3 Nxd4+ 38. Ke4 Nb5
39. Kd5 a5 40. Ne6 Kf7 41. Nc5 Kf6 42. h5 Kf5 43. Kc6 Nc3 44. Kxc7 a4 45. Kb6
a3 46. Ka5 a2 47. Nb3 Ne2 48. Kb4 Kxf4 49. Na1 Kf3 50. Kb3 Kxf2 51. Kxa2 Nf4
52. Nb3 Ke3 53. Nc5 Kd4 54. Nb7 Nxh5 55. Nd6 Ng3 56. Nf7 Kc3 57. Ng5 g6 58. Ne6
Nh5 59. Kb1 Kd3 60. Kb2 Ke4 61. Kc3 Kf5 62. Nd4+ Kf4 63. Ne6+ Ke5 64. Nd4 Ng3
65. Kd3 Nf5 66. Nc6+ Kd5 67. Nb4+ Ke6 68. Ke4 g5 69. Kf3 Ne7 70. Kg4 Kf6 71.
Nd3 Nc6 72. Nf2 Ne5+ 73. Kg3 Kf5 74. Nh3 g4 75. Nf2 Kf6 76. Nxg4+ 1/2-1/2

[Event "ICS rated blitz match"]
[Site "204.178.125.65"]
[Date "2000.08.29"]
[Round "?"]
[White "Hossa"]
[Black "MissSilicon"]
[Result "0-1"]
[WhiteElo "2500"]
[BlackElo "2724"]
[PlyCount "168"]
[EventDate "2000.??.??"]

1. e4 e5 2. Nf3 Nf6 3. Nxe5 d6 4. Nf3 Nxe4 5. d4 d5 6. Bd3 Be7 7. O-O Nc6 8.
Re1 Nd6 9. c3 O-O 10. Qc2 f5 11. Nbd2 Ne4 12. Qb3 Rf7 13. Nf1 a6 14. Bf4 Na5
15. Qc2 Bh4 16. Re2 Nc4 17. Rae1 Be6 18. Bxc4 dxc4 19. Nxh4 Qxh4 20. Be5 Bd7
21. Bxc7 Bc6 22. Be5 Ng5 23. Bg3 Qh6 24. d5 Bxd5 25. Re8+ Rf8 26. Rxa8 Rxa8 27.
Qxf5 Be6 28. Qe5 Bf7 29. h4 Ne6 30. Qd5 Rf8 31. Qxc4 Rd8 32. Qb4 Rd7 33. Be5
Nd8 34. b3 Nc6 35. Qf4 Qe6 36. Re3 Qd5 37. Qg4 Be6 38. Qe2 Bf7 39. Bf4 h6 40.
Nd2 Qf5 41. Re4 Bg6 42. Qc4+ Kh8 43. Re1 Qc2 44. Nf1 Bf7 45. Qc5 Kg8 46. Ng3
Qxa2 47. Qf5 Rd8 48. b4 Bd5 49. Qg6 Bf7 50. Qg4 Qb3 51. Ne4 Kh8 52. Nd6 Rf8 53.
Qf3 Qd5 54. Nxb7 Qxf3 55. gxf3 Bd5 56. Bd6 Rxf3 57. Nc5 Rxc3 58. Nxa6 Nd4 59.
Re8+ Kh7 60. Bc5 Rc1+ 61. Kh2 Nf5 62. Kh3 Bf3 63. Bd6 Rh1+ 64. Bh2 g5 65. Re7+
Nxe7 66. hxg5 hxg5 67. Kg3 g4 68. Nc5 Kg6 69. Ne6 Nf5+ 70. Kf4 Rxh2 71. Ke5
Rxf2 72. Nf4+ Kg5 73. Ne6+ Kh6 74. Nf4 Bd1 75. b5 Rxf4 76. Kxf4 g3 77. b6 g2
78. b7 g1=Q 79. Ke5 Qd4+ 80. Ke6 Ng7+ 81. Ke7 Qc5+ 82. Kf7 Qc7+ 83. Kf6 Qd6+
84. Kf7 Bb3# {Hossa checkmated} 0-1

[Event "ICS rated standard match"]
[Site "204.178.125.65"]
[Date "2000.08.30"]
[Round "?"]
[White "Hossa"]
[Black "nitmo"]
[Result "1-0"]
[WhiteElo "2327"]
[BlackElo "1930"]
[PlyCount "59"]
[EventDate "2000.??.??"]

1. e4 e5 2. Bc4 Nf6 3. d3 Nc6 4. Nc3 Na5 5. Bb3 Nxb3 6. axb3 c6 7. Nf3 Qc7 8.
O-O Be7 9. Be3 b5 10. d4 d6 11. Qd3 Bd7 12. dxe5 dxe5 13. Rfd1 O-O 14. Nxe5
Qxe5 15. Bd4 Qe6 16. Bxf6 Bxf6 17. Qxd7 Qxd7 18. Rxd7 Bxc3 19. bxc3 Rfd8 20.
Raxa7 h6 21. g4 Rxa7 22. Rxd8+ Kh7 23. Rd6 Ra1+ 24. Kg2 Re1 25. Rxc6 Rxe4 26.
Kf3 Re5 27. c4 f6 28. h4 Kg6 29. h5+ Kg5 30. Kg3 {nitmo resigns} 1-0

[Event "ICS rated blitz match"]
[Site "204.178.125.65"]
[Date "2000.08.30"]
[Round "?"]
[White "QueenMaxima"]
[Black "Hossa"]
[Result "1/2-1/2"]
[WhiteElo "2641"]
[BlackElo "2493"]
[PlyCount "172"]
[EventDate "2000.??.??"]

1. d4 d5 2. c4 dxc4 3. Nf3 Nf6 4. e3 e6 5. Bxc4 c5 6. O-O a6 7. a4 Nc6 8. Qe2
cxd4 9. Rd1 Be7 10. exd4 O-O 11. Nc3 Nd5 12. Bd3 Ncb4 13. Bb1 b6 14. Nxd5 exd5
15. Re1 Be6 16. a5 Re8 17. Bf4 Bg4 18. h3 Bh5 19. Qd1 h6 20. g4 Bg6 21. Bxg6
fxg6 22. Rc1 bxa5 23. Bc7 Qc8 24. Bxa5 Qb7 25. Re6 Qb5 26. Bxb4 Bxb4 27. Rxg6
Bf8 28. Rc2 Rad8 29. g5 Rd6 30. Rxd6 Bxd6 31. gxh6 gxh6 32. Qc1 Qd3 33. Rc8 Rf8
34. Rxf8+ Bxf8 35. Qf4 Qb1+ 36. Kg2 Qxb2 37. Qg4+ Kh8 38. Qf5 Qb4 39. Qxd5 Qe7
40. Qa8 Qg7+ 41. Kf1 Qf6 42. Ne5 Qf5 43. Kg2 Qg5+ 44. Kf3 Qf5+ 45. Ke3 Qxh3+
46. f3 Qf5 47. Qxa6 Qg5+ 48. Ke4 Qh4+ 49. Kd3 Qe1 50. Qc8 Qb1+ 51. Ke2 Kg8 52.
Qc4+ Kh7 53. Nc6 Qg6 54. Qd3 Qxd3+ 55. Kxd3 h5 56. Ke3 Bh6+ 57. f4 h4 58. Kf3
h3 59. Kg3 h2 60. Kxh2 Bxf4+ 61. Kg2 Kh8 62. Kf3 Bd6 63. Kg4 Kg8 64. d5 Kf7 65.
Kf5 Be7 66. Nxe7 Kxe7 67. Ke5 Kd7 68. d6 Kd8 69. Ke6 Ke8 70. Kd5 Kd8 71. Kc6
Kc8 72. Kb6 Kd8 73. Kb5 Kd7 74. Kc5 Kd8 75. Kc4 Ke8 76. Kd4 Kd8 77. Ke4 Ke8 78.
Kf5 Kd8 79. Ke5 Kd7 80. Kd5 Kd8 81. Kd4 Ke8 82. Ke4 Kd8 83. Kd5 Kd7 84. Ke5 Kd8
85. Kf5 Kd7 86. Kg5 Kxd6 1/2-1/2

[Event "ICS rated blitz match"]
[Site "204.178.125.65"]
[Date "2000.08.30"]
[Round "?"]
[White "Hossa"]
[Black "Dorky"]
[Result "1/2-1/2"]
[WhiteElo "2499"]
[BlackElo "2432"]
[PlyCount "161"]
[EventDate "2000.??.??"]

1. e4 c5 2. Nf3 e6 3. d4 cxd4 4. Nxd4 Nf6 5. Nc3 d6 6. Be2 Be7 7. O-O O-O 8. f4
Nc6 9. Be3 Bd7 10. Nb3 a5 11. a4 Rc8 12. Bf3 Ne8 13. Qd2 f5 14. e5 dxe5 15.
Bxc6 Bxc6 16. Qxd8 Bxd8 17. fxe5 Bc7 18. Bc5 Rf7 19. Rae1 f4 20. Nd4 Bd7 21.
Re4 b6 22. Ba3 g5 23. Rd1 Rd8 24. Re2 Bc8 25. Ncb5 Rfd7 26. Rd3 Kf7 27. h4 h6
28. hxg5 hxg5 29. c3 Bb7 30. Rh3 Bd5 31. b3 Kg6 32. Bb2 g4 33. Rh4 f3 34. gxf3
gxf3 35. Re1 Kg5 36. Rh2 Ng7 37. Kf2 Bxe5 38. Rxe5+ Kf6 39. Re1 e5 40. Rh6+ Kf7
41. Rxe5 Re8 42. Rxe8 Nxe8 43. Rh7+ Ng7 44. Nf5 Kg8 45. Rxg7+ Rxg7 46. Nxg7
Bxb3 47. Nd4 Kxg7 48. Nxb3 Kh6 49. Bc1+ Kg6 50. Kxf3 Kh5 51. Bf4 Kg6 52. Ke4
Kf7 53. Nxa5 Kg6 54. Nc4 Kf7 55. Nxb6 Ke6 56. Nc8 Kd7 57. Kd5 Kxc8 58. a5 Kb7
59. a6+ Kxa6 60. c4 Kb7 61. c5 Ka6 62. Kc6 Ka5 63. Kd6 Kb5 64. c6 Kc4 65. c7
Kd4 66. c8=B Kc4 67. Ke5 Kb4 68. Kd4 Ka4 69. Kc4 Ka5 70. Bc7+ Ka4 71. Bd7+ Ka3
72. Kc3 Ka2 73. Kc2 Ka1 74. Ba4 Ka2 75. Bb5 Ka1 76. Ba4 Ka2 77. Bb5 Ka1 78. Ba4
Ka2 79. Bb5 Ka1 80. Ba4 Ka2 81. Bb5 1/2-1/2

[Event "ICS Rated standard match"]
[Site "204.178.125.65"]
[Date "2000.08.30"]
[Round "?"]
[White "Hossa"]
[Black "chuda"]
[Result "1-0"]
[WhiteElo "2330"]
[BlackElo "2089"]
[PlyCount "42"]
[EventDate "2000.??.??"]

1. d4 Nf6 2. c4 c5 3. d5 e5 4. Nc3 d6 5. e4 g6 6. Bd3 Bg7 7. Nge2 O-O 8. O-O
Na6 9. a3 Nc7 10. f4 exf4 11. Bxf4 a6 12. Bg5 h6 13. Bh4 g5 14. Bg3 Ng4 15. Qb3
Ne5 16. Bb1 Rb8 17. Ba2 Na8 18. Qc2 Bg4 19. Nd1 Nb6 20. Ne3 Bh5 21. Nf5 Nbd7 {
chuda resigns} 1-0

[Event "ICS rated standard match"]
[Site "204.178.125.65"]
[Date "2000.08.30"]
[Round "?"]
[White "jjgm"]
[Black "Hossa"]
[Result "1/2-1/2"]
[WhiteElo "1953"]
[BlackElo "2336"]
[PlyCount "128"]
[EventDate "2000.??.??"]

1. e4 e5 2. Nf3 Nc6 3. Bb5 a6 4. Ba4 Nf6 5. Bxc6 dxc6 6. d3 Bd6 7. Nbd2 Be6 8.
O-O O-O 9. Qe2 Qe7 10. Nc4 Bxc4 11. dxc4 Rfd8 12. Bg5 Qe6 13. Rad1 h6 14. Bxf6
Qxf6 15. c3 Be7 16. Rxd8+ Rxd8 17. Rd1 Rxd1+ 18. Qxd1 Qd6 19. Qd2 g5 20. h3
Qxd2 21. Nxd2 f6 22. Kf1 a5 23. a4 b6 24. Ke2 h5 25. g4 h4 26. Nf1 Bc5 27. Ne3
Bxe3 28. Kxe3 c5 29. Kd3 Kf7 30. Kc2 Ke7 31. Kb3 c6 32. Ka3 Kd6 33. b4 Kc7 34.
Kb3 Kb7 35. b5 Kc7 36. Kc2 cxb5 37. cxb5 c4 38. Kd2 Kd6 39. Kc2 Ke7 40. Kd2 Ke6
41. Kc2 Kd6 42. Kd2 Kc7 43. Kc2 Kd7 44. Kc1 Ke8 45. Kc2 Kf8 46. Kb2 Ke7 47. Kc2
Ke6 48. Kd2 Ke7 49. Ke3 Kd6 50. Ke2 Kd7 51. Ke1 Ke6 52. Ke2 Kd6 53. Kf1 Kc5 54.
Ke2 Kd6 55. Ke1 Kd7 56. Kd1 Kc8 57. Ke2 Kb7 58. Kf3 Kc7 59. Kg2 Kd7 60. Kf1 Ke8
61. Ke2 Kf7 62. Ke3 Ke6 63. Kf3 Kd6 64. Ke2 Kd7 1/2-1/2

[Event "ICS rated standard match"]
[Site "204.178.125.65"]
[Date "2000.08.30"]
[Round "?"]
[White "Hossa"]
[Black "nitmo"]
[Result "1-0"]
[WhiteElo "2310"]
[BlackElo "1940"]
[PlyCount "45"]
[EventDate "2000.??.??"]

1. e4 e5 2. Nf3 Nc6 3. Nc3 Nf6 4. Nxe5 Nxe5 5. d4 Bb4 6. dxe5 Nxe4 7. Qg4 d5 8.
Qxg7 Rf8 9. Qxh7 Nxc3 10. a3 Ba5 11. Bd2 d4 12. f4 c6 13. bxc3 Bxc3 14. Bxc3
dxc3 15. Qd3 Qa5 16. Be2 Be6 17. Qd6 Rd8 18. Qb4 Qd5 19. Rd1 c5 20. Qa5 b6 21.
Qb5+ Bd7 22. Rxd5 Bxb5 23. Rxd8+ {nitmo resigns} 1-0

[Event "ICS rated blitz match"]
[Site "204.178.125.65"]
[Date "2000.08.30"]
[Round "?"]
[White "Hossa"]
[Black "Valg"]
[Result "1-0"]
[WhiteElo "2496"]
[BlackElo "2637"]
[PlyCount "107"]
[EventDate "2000.??.??"]

1. d4 Nf6 2. c4 e6 3. Nf3 b6 4. Bf4 Bb7 5. Nc3 Bb4 6. a3 Bxc3+ 7. bxc3 d5 8. e3
O-O 9. Be2 Ba6 10. Qa4 Nh5 11. Bg5 f6 12. Bh4 g5 13. Nd2 gxh4 14. Bxh5 dxc4 15.
Bf3 b5 16. Qc2 c6 17. Qe4 Qd6 18. Qxh4 Kh8 19. Qh6 Qe7 20. Ne4 Nd7 21. O-O Bb7
22. Rfe1 Rg8 23. a4 e5 24. dxe5 Nxe5 25. Bh5 Nd3 26. Nxf6 Rgf8 27. Nxh7 Qxh7
28. Qxh7+ Kxh7 29. Re2 Nc5 30. a5 Rad8 31. h4 Rd3 32. Rc2 Ne4 33. Rac1 Kg7 34.
Bf3 Nd2 35. Bg4 Kf6 36. f3 Nb3 37. Re1 Re8 38. e4 Re7 39. f4 Kg7 40. e5 Re8 41.
f5 Red8 42. e6 Re8 43. e7 c5 44. Bh5 Bc6 45. Re6 Na1 46. f6+ Kh7 47. Rxc6 Nxc2
48. Bxe8 Rd1+ 49. Kh2 Re1 50. Rxc5 Rf1 51. f7 Rxf7 52. Bxf7 Na3 53. e8=N Kh6
54. Rh5# {Valg checkmated} 1-0

[Event "ICS rated blitz match"]
[Site "204.178.125.65"]
[Date "2000.08.30"]
[Round "?"]
[White "PostModernist"]
[Black "Hossa"]
[Result "1-0"]
[WhiteElo "2660"]
[BlackElo "2518"]
[PlyCount "95"]
[EventDate "2000.??.??"]

1. e4 c6 2. d4 g6 3. f4 d5 4. e5 Bg7 5. c3 Nh6 6. Nf3 Bf5 7. Bd3 Bxd3 8. Qxd3
O-O 9. O-O Nf5 10. Be3 Nxe3 11. Qxe3 Qc8 12. Nbd2 Na6 13. Ng5 h6 14. Nh3 Qf5
15. Nf2 Nc7 16. Nh1 Rab8 17. Ng3 Qc2 18. b3 f6 19. e6 f5 20. Rfc1 Qb2 21. a4
Rf6 22. Qd3 Nxe6 23. Ne2 c5 24. Rcb1 Qxb1+ 25. Rxb1 cxd4 26. cxd4 Rff8 27. Qe3
Kf7 28. h4 Rfc8 29. Nf3 Rc6 30. h5 Rd8 31. hxg6+ Kxg6 32. Nh4+ Kf7 33. Nxf5 Rc2
34. Re1 Rdc8 35. Neg3 R8c6 36. Nxg7 Kxg7 37. Nh5+ Kg6 38. Qd3+ Kf7 39. Qf5+ Ke8
40. Rxe6 Rc1+ 41. Kh2 Rxe6 42. Ng7+ Kd7 43. Nxe6 Kc6 44. Nc5 Kb6 45. Qxd5 Ka5
46. Na6+ Rc5 47. Qxc5+ Kxa6 48. Qb5# {Hossa checkmated} 1-0

[Event "ICS rated standard match"]
[Site "204.178.125.65"]
[Date "2000.08.30"]
[Round "?"]
[White "stevesand"]
[Black "Hossa"]
[Result "0-1"]
[WhiteElo "2057"]
[BlackElo "2313"]
[PlyCount "72"]
[EventDate "2000.??.??"]

1. c4 e5 2. Nc3 Nf6 3. Nf3 Nc6 4. g3 Bb4 5. Nd5 Bc5 6. Bg2 d6 7. O-O O-O 8. d3
Nxd5 9. cxd5 Nd4 10. Rb1 Nxf3+ 11. Bxf3 Bh3 12. Re1 Qf6 13. b4 Bb6 14. Bd2 a6
15. Qc1 Rfc8 16. Be3 Bxe3 17. Qxe3 Rd8 18. Rec1 Qe7 19. Rc4 Re8 20. Rbc1 Rec8
21. R1c2 b6 22. Qc1 Ra7 23. Bg2 Bxg2 24. Kxg2 f5 25. Rc6 Rb7 26. a4 Qd7 27. Qg5
a5 28. bxa5 bxa5 29. Qc1 h6 30. h4 f4 31. R2c4 fxg3 32. fxg3 Qf7 33. e4 Rf8 34.
Rxc7 Qf2+ 35. Kh3 Rf3 36. Kg4 Rxg3+ {stevesand resigns} 0-1